Jetpunk Generator Puzzle - Statistics

General Stats
  • This quiz has been taken 155 times
  • The average score is 11 of 21
Answer Stats
Hint Answer % Correct
what the postman delivers mail
83%
friend in Spanish amigo
82%
what wizards create magic
81%
arm; leg; tree branch limb
79%
in addition; as well also
74%
very, very long sleep coma
73%
black rock used for heating coal
71%
Caribbean dance featuring a low bar limbo
70%
ascend climb
66%
carbonated soft drink cola
66%
scoring play in many ball sports goal
65%
antonym of fat slim
65%
website where the author shares their opinions blog
61%
peaceful quietness calm
47%
fertile earth soil
44%
method of reasoning or argument logic
31%
Σ; σ sigma
29%
small piece of wood balanced on top of cricket wickets bail
22%
9-letter Jetpunk quizzer SCAMBIGOL
14%
to do with friends and companionship social
13%
gas from decomposed garbage, manure, etc biogas
9%
No matching quizzes found
Score Distribution
Percent of People with Each Score
Percentile by Number Answered
Your Score History
You have not taken this quiz